Responses for Show #2312 - Tuesday, September 27, 1994

Contestants

[<< previous game]

Mike Senzer, an attorney originally from Panama Canal Zone

Vince Pool, a registered respiratory therapist from Mobile, Alabama

Bob Zalin, a Ph.D. candidate from New York City, New York (whose 2-day cash winnings total $24,500)

[next game >>]

Jeopardy! Round responses

ZOOLOGY
'40s FILM FACTS
HOLIDAYS & OBSERVANCES
STADIUMS & ARENAS
HALL OF FAMERS
ANTONYMS
    $100 2
Australia

Vince
    $100 17
Marie Curie

Bob
    $100 7
Bastille Day

Mike
    $100 24
San Antonio

Vince
    $100 26
Milton Berle

Bob
    $100 12
united

Vince
    $200 3
leopard frogs

Vince
    $200 19
Ginger Rogers

Bob
    $200 8
December 26

Vince
    $200 22
Mexico City

Bob
    $200 30
Sally Ride

Vince
    $200 13
recede

Vince
    $300 4
amphibians

Vince
    $300 1
Margaret O'Brien

Vince
    $300 9
King Herod

Bob
    $300 16
Penn State

Vince
    $400 27
Rod Stewart

Bob
    $300 10
withdrawal

Bob
    $400 5
red wolf

Bob
    $400 6
Marilyn Monroe

Mike
    $400 20
Ramadan

Vince
    $400 23
the Mighty Ducks

Vince
    $400 28
George Eastman

Mike
    $400 11
orderly

Vince
    $500 15
a lynx

Bob
    $500 18
George Sand

Vince
    $500 21
the Netherlands

Bob
    $500 25
the Superdome

Vince
    $500 29
Thomas Jefferson (or George Washington)

Bob
    $500 14
(Alex: There's that hair reference again.)
(Vince: Can't get away from it.)

A Night on Bald Mountain

Vince

Scores at the first commercial break (after clue 15):

Bob Vince Mike
$1,500 $2,300 $500

Scores at the end of the Jeopardy! Round:

Bob Vince Mike
$3,500 $4,700 $900

Double Jeopardy! Round responses

RULERS
ARTISTS
20th CENTURY AMERICA
EUROPEAN GEOGRAPHY
THEATRE
"X", "Y", "Z"
    $200 1
Charlemagne

Vince
    $200 13
portraits

Mike
    $200 17
Los Angeles

Mike
    $200 20
Dublin (Bay)

Vince
    $200 23
Harvey

Bob
    $400 2
George III

Vince
    $400 8
Whistler

Bob
    $400 11
40

Bob
    $400 21
Italy

Bob
    $400 22
Chile

Vince
    $400 27
Yiddish

Vince
    $600 3
the Hapsburgs

Mike
    $600 7
El Greco

Vince
    $600 10
Douglas MacArthur

Vince
    $600 19
Jutland

Vince
    $600 12
to Dinner

Vince
    $600 24
Xanadu

Vince
    $800 4
Morocco

Mike
    $800 6
(Mike: Who is Michelangelo?)
(Vince: Who is Raphael?)
(Bob: Who is Botticelli?)

Leonardo da Vinci

BobVinceMike
Triple Stumper
    $800 14
Francis Gary Powers

Bob
    $800 25
the Rhone

Bob
    $800 15
Night of the Iguana

Bob
    $800 28
the zenith

Mike
    $1000 5
Shah Jahan

Bob
    $3,000 9
Marc Chagall

Bob
    $1000 18
Sam Ervin

Bob
    $1,000 26
(Alex: [Before Bob's wager] And we have less than a minute to go in the round.)

the Caspian Sea

Bob
    $1000 16
Eli Wallach

Vince
    $1000 29
[The end-of-round signal sounds.]

xenophobia

Vince

Scores at the end of the Double Jeopardy! Round:

Bob Vince Mike
$12,500 $10,500 $2,700

[wagering suggestions for these scores]

Final Jeopardy! Round responses

BOTANY
(Alex: No, you had to go to the obvious. The man named [*]. [*] seedless grapes.)
MikeWho is Burbank?
$2,600
VinceWho is Luther Burbank?
$5,000
BobWho is Burbank?
$8,501
William Thompson

Final scores:

Bob Vince Mike
$3,999 $5,500 $100
2nd place: Singer Furniture bedroom set & Ross Simons lamp New champion: $5,500 3rd place: Tasco telescope

Game dynamics:

Coryat scores:

Bob Vince Mike
$10,400 $10,500 $2,700
22 R
(including 3 DDs),
1 W
28 R,
1 W
8 R,
1 W

Combined Coryat: $23,600

[game clues] [game scores] [suggest correction]

Game tape date: 1994-07-27
The J! Archive is created by fans, for fans. Scraping, republication, monetization, and malicious use prohibited; this site may use cookies and collect identifying information. See terms. The Jeopardy! game show and all elements thereof, including but not limited to copyright and trademark thereto, are the property of Jeopardy Productions, Inc. and are protected under law. This website is not affiliated with, sponsored by, or operated by Jeopardy Productions, Inc. Join the discussion at JBoard.tv.